000
00287nam a22001337a 4500
008
181024b xxu||||| |||| 00| 0 eng d
020
_a
0669.1317
041
_a
eng
080
_a
370
100
_a
47
101
_a
EDU
245
_a
The Other Helpers
_c
Gershon.M
942
_2
udc
_c
BK
999
_c
50862
_d
50862